[Event "POLFINAL MISTRZOSTW POLSKI JUNIOROW 2017 - D13"]
[Site "Jastrzebia Gora"]
[Date "1899-12-30"]
[Round "6.1"]
[White "Sokol, Maria"]
[Black "Kieca, Aleksandra"]
[Result "1/2-1/2"]
[WhiteTitle "I"]
[BlackTitle "I"]
[WhiteElo "1237"]
[BlackElo "1231"]

1. e4 c5 2. Nf3 e6 3. d4 cxd4 4. Nxd4 a6 5. Bd3 Nc6 6. Nxc6 dxc6 7. Be3 e5 8. O-O
Nf6 9. f3 Be7 10. Nc3 O-O 11. a3 Be6 12. Qe2 Qc7 13. Bc4 Bd7 14. Qf2 b5 15. Be2
Be6 16. f4 exf4 17. Bxf4 Bd6 18. Bxd6 Qxd6 19. Rad1 Qe5 20. Qf4 Qxf4 21. Rxf4
Rad8 22. Rff1 Bg4 23. Bf3 Rfe8 24. h3 Bh5 25. g4 Bg6 26. e5 Rxd1 27. Rxd1 Rxe5
28. Bxc6 h6 29. Rd2 Re6 30. Bf3 Ne4 31. Nxe4 Bxe4 32. Bxe4 Rxe4 33. Kf2 Re6 34.
Kf3 Kh7 35. Rd4 Rc6 36. c3 Kg6 37. h4 h5 38. a4 bxa4 39. Rxa4 hxg4+ 40. Kxg4 f6
41. Rb4 Rc5 42. Ra4 a5 43. Rd4 Rb5 44. b4 axb4 45. Rxb4 Rc5 46. c4 f5+ 47. Kg3
Kh6 1/2-1/2

[Event "POLFINAL MISTRZOSTW POLSKI JUNIOROW 2017 - D13"]
[Site "Jastrzebia Gora"]
[Date "1899-12-30"]
[Round "6.2"]
[White "Anyz, Monika"]
[Black "Kaznowska, Weronika"]
[Result "1-0"]
[WhiteTitle "I+"]
[BlackTitle "I"]
[WhiteElo "1366"]
[BlackElo "1132"]

1. d4 d5 2. Bf4 Nf6 3. Nf3 e6 4. e3 c5 5. c3 a6 6. Bd3 Nc6 7. Nbd2 Be7 8. Qc2 c4
9. Be2 b5 10. a3 O-O 11. g4 g6 12. g5 Nh5 13. Ne5 Nxe5 14. Bxe5 Ng7 15. Bxg7 Kxg7
16. h4 Rh8 17. O-O-O Bd7 18. f4 a5 19. Rh2 b4 20. a4 b3 21. Qb1 Bxa4 22. Rdh1
Be8 23. h5 a4 24. hxg6 fxg6 25. e4 Qb6 26. exd5 exd5 27. Nxc4 dxc4 28. Qe4 Ra7
29. Qe5+ Bf6 30. gxf6+ Qxf6 31. Rxh7+ Rxh7 32. Rxh7+ Kxh7 33. Qxf6 Rf7 34. Qh4+
Kg7 35. Bxc4 Rc7 36. Qd8 Rxc4 37. Qxe8 a3 38. bxa3 Rxc3+ 39. Kb2 Rf3 40. Qe5+
Kh6 41. Qh8# 1-0

[Event "POLFINAL MISTRZOSTW POLSKI JUNIOROW 2017 - D13"]
[Site "Jastrzebia Gora"]
[Date "1899-12-30"]
[Round "6.3"]
[White "Szewc, Dobromila"]
[Black "Rodzik, Malgorzata"]
[Result "0-1"]
[WhiteTitle "I"]
[BlackTitle "II"]
[WhiteElo "1257"]
[BlackElo "1036"]

1. e4 e6 2. d4 d5 3. Nc3 Bb4 4. e5 c5 5. Nge2 Nc6 6. Be3 cxd4 7. Nxd4 Bxc3+ 8.
bxc3 Nxe5 9. f4 Ng6 10. c4 dxc4 11. Bxc4 Qc7 12. Bb5+ Bd7 13. O-O Nf6 14. Qe2
O-O 15. Bxd7 Qxd7 16. Rab1 Nd5 17. g3 Nc3 18. Qf3 Nxb1 19. Rxb1 Rab8 20. Nb5 a6
21. Nc3 b5 22. Ne4 Qd5 23. Ra1 f5 24. Ng5 Qxf3 25. Nxf3 Rbc8 26. Nd4 e5 27. fxe5
Nxe5 28. Rf1 g6 29. Bf4 Nc4 30. Re1 Rfe8 31. Rd1 Na3 32. Rd2 Nb1 33. Rd3 Nc3 34.
Bd2 Ne2+ 35. Nxe2 Rxe2 36. Bf4 Rexc2 37. a3 R2c3 38. Rxc3 Rxc3 39. Bd6 Kf7 40.
Kf2 Ke6 41. Bb4 Rc8 42. Ke3 Kd5 43. Kd3 Ra8 44. h4 a5 45. Bc3 a4 46. Bb4 Re8 47.
Bc3 Re4 48. Kd2 Rg4 49. Ke3 Rxg3+ 50. Kd2 f4 51. Kc2 f3 52. Be1 Rg2+ 53. Kd1 Ke4
54. Kc1 f2 55. Bxf2 Rxf2 56. Kd1 Ra2 57. Ke1 Rxa3 58. Ke2 Kd4 59. Kd2 Rc3 60.
h5 g5 61. h6 Re3 62. Kc2 Re2+ 63. Kd1 Kd3 64. Kc1 Rh2 65. Kb1 Kc3 66. Ka1 Kb3
67. Kb1 Rh1# 0-1

[Event "POLFINAL MISTRZOSTW POLSKI JUNIOROW 2017 - D13"]
[Site "Jastrzebia Gora"]
[Date "1899-12-30"]
[Round "6.4"]
[White "Cieslak, Jessica"]
[Black "Zniszczol, Wiktoria"]
[Result "1/2-1/2"]
[WhiteTitle "I"]
[BlackTitle "I"]
[WhiteElo "1253"]
[BlackElo "1438"]

1. e4 e5 2. Nf3 d6 3. d4 Nf6 4. dxe5 Nxe4 5. Qd5 Nc5 6. Bg5 Be7 7. exd6 Qxd6 8.
Nc3 h6 9. Be3 c6 10. Qxd6 Bxd6 11. O-O-O Be7 12. Bc4 O-O 13. a3 Bf5 14. Rhe1 Be6
15. Bxc5 Bxc5 16. Bxe6 fxe6 17. Nd4 Bxd4 18. Rxd4 Rxf2 19. Rxe6 Na6 20. Re2 Rxe2
21. Nxe2 Re8 22. Kd2 Nc5 23. Ng3 Ne6 24. Re4 Nc7 25. Rxe8+ Nxe8 26. Ne4 Kf7 27.
Kd3 b6 28. Kd4 Ke6 29. b4 Nd6 30. Nxd6 Kxd6 31. c4 1/2-1/2

[Event "POLFINAL MISTRZOSTW POLSKI JUNIOROW 2017 - D13"]
[Site "Jastrzebia Gora"]
[Date "1899-12-30"]
[Round "6.5"]
[White "Libura, Julianna"]
[Black "Kudlak, Julia"]
[Result "1/2-1/2"]
[WhiteTitle "I"]
[BlackTitle "II+"]
[WhiteElo "1429"]
[BlackElo "1128"]

1. e4 e5 2. Nf3 Nc6 3. d4 exd4 4. Nxd4 Nf6 5. Nxc6 bxc6 6. Bd3 Bc5 7. Bg5 Be7 8.
O-O d6 9. c4 O-O 10. Qc2 h6 11. Bh4 Ng4 12. Bxe7 Qxe7 13. h3 Ne5 14. Be2 Qf6 15.
Nd2 c5 16. f4 Nc6 17. Nb3 Rb8 18. Qc3 Nd4 19. Nxd4 cxd4 20. Qa3 a6 21. b3 d3 22.
e5 dxe5 23. Bxd3 Bb7 24. fxe5 Qxe5 25. Rad1 Rfd8 26. Qc1 Qg3 27. Qc2 c5 28. Bf5
Rxd1 29. Rxd1 Re8 30. Qf2 Qxf2+ 31. Kxf2 g6 32. Bg4 h5 33. Bf3 Bxf3 34. Kxf3 Re6
35. Rd5 Rc6 36. g4 hxg4+ 37. hxg4 a5 38. Rd7 a4 39. Rb7 axb3 40. axb3 Rd6 41.
Ke4 Rd4+ 42. Kf3 Kg7 43. g5 Rd3+ 44. Kf4 Rd4+ 1/2-1/2

[Event "POLFINAL MISTRZOSTW POLSKI JUNIOROW 2017 - D13"]
[Site "Jastrzebia Gora"]
[Date "1899-12-30"]
[Round "7.1"]
[White "Kudlak, Julia"]
[Black "Sokol, Maria"]
[Result "1-0"]
[WhiteTitle "II+"]
[BlackTitle "I"]
[WhiteElo "1128"]
[BlackElo "1237"]

1. e4 c5 2. Nf3 a6 3. d4 cxd4 4. Nxd4 Nf6 5. Nc3 e5 6. Nf3 Bb4 7. Bd2 d6 8. Bd3
Nbd7 9. O-O Nc5 10. Re1 O-O 11. h3 Bxc3 12. Bxc3 Na4 13. Qd2 Qc7 14. Rab1 Nxc3
15. Qxc3 Qxc3 16. bxc3 Ra7 17. Rb6 Rd8 18. Bc4 h6 19. Nh4 Kf8 20. Nf5 Bxf5 21.
exf5 Rc8 22. Bd3 Ke7 23. Reb1 Rc7 24. R6b3 Nd7 25. c4 Nc5 26. Rc3 Kf6 27. g4 Ra8
28. f3 Re8 29. Be4 Nxe4 30. fxe4 Rec8 31. Rb6 Rxc4 32. Rxc4 Rxc4 33. Rxd6+ Ke7
34. Rb6 Rc7 35. c3 f6 36. h4 Kf7 37. Kf2 Rxc3 38. Rxb7+ Kg8 39. Rb2 Ra3 40. h5
Rh3 41. Kg2 Re3 42. Kf2 Rxe4 43. Kf3 Ra4 44. Rb8+ Kh7 45. Rb2 Ra3+ 46. Kg2 a5
47. Kf2 a4 48. Kg2 Rc3 49. Re2 Rc4 50. Kf3 Rb4 51. Kg3 Kg8 52. Kf3 Rf4+ 53. Kg3
Kf7 54. Rb2 Rd4 55. Kf3 Ke7 56. Rb7+ Rd7 57. Rb4 Ra7 58. a3 Kd6 59. Ke4 Kc5 60.
Ke3 Kd5 61. Kd3 Kc5 62. Ke3 Rc7 63. Rxa4 Kb5 64. Rb4+ Ka5 65. Rb3 Ka4 66. Rd3
Rc4 67. Rd7 Rxg4 68. Ra7+ Kb5 69. a4+ Rxa4 70. Rxg7 Rf4 71. Rg6 Rxf5 72. Rxh6
Kc5 73. Rh8 Kd6 74. h6 Rh5 75. h7 Rh3+ 76. Kf2 Ke7 77. Ra8 Rxh7 78. Ra7+ Ke6 79.
Rxh7 e4 80. Ke3 f5 81. Kf4 Kf6 82. Ra7 e3 83. Kxe3 Kg5 84. Kf3 f4 85. Ra5+ Kh6
86. Kxf4 1-0

[Event "POLFINAL MISTRZOSTW POLSKI JUNIOROW 2017 - D13"]
[Site "Jastrzebia Gora"]
[Date "1899-12-30"]
[Round "7.2"]
[White "Zniszczol, Wiktoria"]
[Black "Libura, Julianna"]
[Result "1-0"]
[WhiteTitle "I"]
[BlackTitle "I"]
[WhiteElo "1438"]
[BlackElo "1429"]

1. e4 c5 2. Nc3 a6 3. a4 Nc6 4. f4 g6 5. Nf3 Bg7 6. Bc4 d6 7. O-O e6 8. d3 Nge7
9. Qe1 O-O 10. Qh4 Nd4 11. Nxd4 Bxd4+ 12. Kh1 Nc6 13. Qg3 Bg7 14. f5 Be5 15. Bf4
exf5 16. exf5 Bxf5 17. Bxe5 Nxe5 18. Rxf5 Kh8 19. Rxe5 dxe5 20. Qxe5+ f6 21. Qxc5
Rc8 22. Qd5 Qb6 23. Bb3 Rce8 24. h3 Qb4 25. Qc4 Qd6 26. Rf1 Kg7 27. Ne4 Qe5 28.
Qc3 Qe7 29. Qc5 Qe5 30. Qxe5 Rxe5 31. Nd6 Re7 32. Rf4 Rd8 33. Ne4 f5 34. Nc5 Rd6
35. Rb4 1-0

[Event "POLFINAL MISTRZOSTW POLSKI JUNIOROW 2017 - D13"]
[Site "Jastrzebia Gora"]
[Date "1899-12-30"]
[Round "7.3"]
[White "Rodzik, Malgorzata"]
[Black "Cieslak, Jessica"]
[Result "0-1"]
[WhiteTitle "II"]
[BlackTitle "I"]
[WhiteElo "1036"]
[BlackElo "1253"]

1. d4 c5 2. e3 e6 3. Nf3 d5 4. c3 Nc6 5. Bd3 Nf6 6. Nbd2 Bd7 7. Ne5 Nxe5 8. dxe5
Ng8 9. f4 f6 10. Nf3 c4 11. Bc2 Bc5 12. Nd4 f5 13. b3 Ne7 14. b4 Bb6 15. g4 g6
16. h4 fxg4 17. Qxg4 Nf5 18. h5 Kf7 19. Ke2 Qe7 20. Nf3 Rag8 21. Nh4 Nxh4 22.
Rxh4 g5 23. Rh2 gxf4 24. Qxf4+ Ke8 25. Bd2 Rf8 26. Qg3 Rhg8 27. Qh3 Bc7 28. h6
Bxe5 29. Qh5+ Qf7 30. Qxe5 Qf3+ 31. Ke1 Qf1# 0-1

[Event "POLFINAL MISTRZOSTW POLSKI JUNIOROW 2017 - D13"]
[Site "Jastrzebia Gora"]
[Date "1899-12-30"]
[Round "7.4"]
[White "Kaznowska, Weronika"]
[Black "Szewc, Dobromila"]
[Result "1-0"]
[WhiteTitle "I"]
[BlackTitle "I"]
[WhiteElo "1132"]
[BlackElo "1257"]

1. d4 f5 2. g3 Nf6 3. Bg2 g6 4. Nf3 Bg7 5. O-O O-O 6. c4 d6 7. Bf4 h6 8. h4 Qe8
9. Qc1 Kh7 10. Nc3 Nh5 11. Nd5 Nxf4 12. Qxf4 Na6 13. Qc1 c6 14. Nc3 Qf7 15. b3
e5 16. Qd2 e4 17. Nh2 Qf6 18. e3 c5 19. Nd5 Qf7 20. Rad1 Be6 21. dxc5 dxc5 22.
Nf4 Bf6 23. Nxe6 Qxe6 24. Qd7+ Qf7 25. f3 exf3 26. Bxf3 Rab8 27. h5 g5 28. Qxf5+
Kh8 29. Rd7 Qg8 30. Bd5 Bd4 31. Bxg8 Bxe3+ 32. Kg2 Rxf5 33. Rxf5 Kxg8 34. Ng4
Bd4 35. Nxh6+ Kh8 36. Rff7 Bg7 37. Rxg7 Nb4 38. Rh7# 1-0

[Event "POLFINAL MISTRZOSTW POLSKI JUNIOROW 2017 - D13"]
[Site "Jastrzebia Gora"]
[Date "1899-12-30"]
[Round "7.5"]
[White "Kieca, Aleksandra"]
[Black "Anyz, Monika"]
[Result "1-0"]
[WhiteTitle "I"]
[BlackTitle "I+"]
[WhiteElo "1231"]
[BlackElo "1366"]

1. e4 c5 2. Nf3 d6 3. d4 cxd4 4. Nxd4 Nf6 5. Nc3 g6 6. Be3 Bg7 7. f3 O-O 8. Qd2
Nc6 9. g4 Bd7 10. h4 h5 11. gxh5 Nxh5 12. O-O-O a6 13. Rg1 b5 14. a3 b4 15. axb4
Nxb4 16. Bh6 Qa5 17. Nb3 Na2+ 18. Nxa2 Qxa2 19. Bxg7 Kxg7 20. Qd4+ Kh7 21. Rg5
Rac8 22. Bc4 Bb5 23. Bxb5 Qxb3 24. Ba4 Qxf3 25. Kb1 Rb8 26. Rdg1 a5 27. c3 Qe2
28. Bc2 Ra8 29. Bd1 Qh2 30. Rxh5+ Kg8 31. Qh8# 1-0

[Event "POLFINAL MISTRZOSTW POLSKI JUNIOROW 2017 - D13"]
[Site "Jastrzebia Gora"]
[Date "1899-12-30"]
[Round "8.1"]
[White "Sokol, Maria"]
[Black "Anyz, Monika"]
[Result "1-0"]
[WhiteTitle "I"]
[BlackTitle "I+"]
[WhiteElo "1237"]
[BlackElo "1366"]

1. d4 f5 2. Nc3 Nf6 3. e3 e6 4. Nf3 Be7 5. Bd3 d5 6. Ne5 O-O 7. Bd2 Nbd7 8. Nxd7
Bxd7 9. f3 h6 10. Qe2 a6 11. e4 dxe4 12. fxe4 fxe4 13. Nxe4 Nxe4 14. Qxe4 Bf6
15. Qh7+ Kf7 16. Bg6+ Ke7 17. Bb4+ c5 18. Bxc5# 1-0

[Event "POLFINAL MISTRZOSTW POLSKI JUNIOROW 2017 - D13"]
[Site "Jastrzebia Gora"]
[Date "1899-12-30"]
[Round "8.2"]
[White "Szewc, Dobromila"]
[Black "Kieca, Aleksandra"]
[Result "1/2-1/2"]
[WhiteTitle "I"]
[BlackTitle "I"]
[WhiteElo "1257"]
[BlackElo "1231"]

1. e4 c5 2. Nf3 e6 3. d4 cxd4 4. Nxd4 a6 5. f3 Nf6 6. Nc3 d6 7. Be3 Be7 8. Qd2
Nc6 9. g4 h6 10. h4 Nd7 11. Qf2 Qc7 12. Qg2 b5 13. h5 Bb7 14. Nce2 Nb6 15. b3
Bf6 16. Rd1 O-O-O 17. Nxc6 Qxc6 18. Nd4 Qc3+ 19. Qd2 Qxd2+ 20. Rxd2 Nd7 21. Kd1
Kb8 22. c4 bxc4 23. Bxc4 Ne5 24. Rc2 Rc8 25. Rhh2 Nxc4 26. Rxc4 Rxc4 27. bxc4
Rc8 28. Rc2 d5 29. cxd5 Rxc2 30. Kxc2 exd5 31. Bf4+ Kc8 32. e5 Be7 33. Nf5 Bf8
34. Kd3 Kd7 35. Kd4 Ke6 36. Bd2 Bc6 37. Ba5 g6 38. hxg6 fxg6 39. Ne3 Ba3 40. Bc3
Bc1 41. f4 Bxe3+ 42. Kxe3 Bb5 43. Kd4 Bc4 44. a3 h5 45. gxh5 gxh5 46. Be1 Kf5
47. Bf2 Bb3 48. Kc5 Ke6 1/2-1/2

[Event "POLFINAL MISTRZOSTW POLSKI JUNIOROW 2017 - D13"]
[Site "Jastrzebia Gora"]
[Date "1899-12-30"]
[Round "8.3"]
[White "Cieslak, Jessica"]
[Black "Kaznowska, Weronika"]
[Result "1-0"]
[WhiteTitle "I"]
[BlackTitle "I"]
[WhiteElo "1253"]
[BlackElo "1132"]

1. e4 e5 2. Nf3 d6 3. d4 Nd7 4. dxe5 Nxe5 5. Nxe5 dxe5 6. Qxd8+ Kxd8 7. Bc4 f6
8. Nc3 c6 9. a3 Kc7 10. Be3 Bd7 11. O-O-O Ne7 12. Rd2 Ng6 13. g3 Be7 14. f3 b6
15. Rhd1 Rad8 16. h4 Rhf8 17. h5 Nh8 18. h6 g5 19. f4 Bg4 20. Rxd8 Bxd8 21. Rf1
gxf4 22. gxf4 Ng6 23. f5 Ne7 24. Rg1 Bh5 25. Rg7 Rh8 26. Bf7 Bf3 27. Kd2 Kd6 28.
Ke1 Kd7 29. Kf2 Bh1 30. Be6+ Kc7 31. Rg1 Bxe4 32. Nxe4 Nd5 33. Rg8 Rxg8 34. Bxg8
Be7 35. Bxh7 Bf8 36. Bd2 b5 37. Bg6 Kd7 38. Ng3 Nf4 39. h7 Bg7 40. Bxf4 exf4 41.
Ne4 Ke7 42. Kf3 Bh8 43. Kxf4 Kf8 44. Ke3 Bg7 45. Kd4 Ke7 46. Kc5 Kd7 47. Kb4 Kc7
48. Ka5 Kb7 49. Nd6+ Kb8 50. Nf7 Ka8 51. h8=Q+ Bxh8 52. Nxh8 Kb7 53. Kb4 Kb6 54.
c4 a5+ 55. Kc3 c5 56. Nf7 b4+ 57. axb4 axb4+ 58. Kd3 Kc6 59. Nh6 Kd6 60. Ng4 Ke7
61. Ke4 b3 62. Kd5 Kd7 63. Nxf6+ Ke7 64. Nh7 Kd7 65. f6 Kd8 66. Kc6 Kc8 67. f7
Kb8 68. f8=Q+ Ka7 69. Qh8 Ka6 70. Qa8# 1-0

[Event "POLFINAL MISTRZOSTW POLSKI JUNIOROW 2017 - D13"]
[Site "Jastrzebia Gora"]
[Date "1899-12-30"]
[Round "8.4"]
[White "Libura, Julianna"]
[Black "Rodzik, Malgorzata"]
[Result "1-0"]
[WhiteTitle "I"]
[BlackTitle "II"]
[WhiteElo "1429"]
[BlackElo "1036"]

1. e4 e6 2. d4 d5 3. Nd2 a6 4. Bd3 c5 5. c3 Nc6 6. Ne2 cxd4 7. cxd4 Bb4 8. O-O
Nge7 9. Nf3 O-O 10. Qc2 Ng6 11. e5 Bd7 12. a3 Ba5 13. Bg5 Qe8 14. h4 Rc8 15. Qb1
h6 16. Be3 Bd8 17. h5 Nh4 18. Nxh4 Bxh4 19. g3 Bd8 20. Kg2 f6 21. exf6 Bxf6 22.
Nf4 Ne7 23. Bh7+ Kh8 24. Bg6 Qd8 25. Qd1 Bg5 26. Rh1 Bxf4 27. Bxf4 Nc6 28. Qd2
Qe7 29. Rae1 Qf6 30. Bxh6 Nxd4 31. Qe3 Nc2 32. Bxc2 Rxc2 33. Bf4 Bc6 34. Kg1 d4
35. Qd3 Bxh1 36. Qxc2 Bc6 37. Qd3 Be8 38. Re5 g6 39. Rg5 Kh7 40. Kh2 Bf7 41. Kg2
Re8 42. Re5 Kg8 43. Qxd4 gxh5 44. Rg5+ 1-0

[Event "POLFINAL MISTRZOSTW POLSKI JUNIOROW 2017 - D13"]
[Site "Jastrzebia Gora"]
[Date "1899-12-30"]
[Round "8.5"]
[White "Kudlak, Julia"]
[Black "Zniszczol, Wiktoria"]
[Result "1/2-1/2"]
[WhiteTitle "II+"]
[BlackTitle "I"]
[WhiteElo "1128"]
[BlackElo "1438"]

1. e4 d5 2. exd5 Qxd5 3. Nc3 Qd6 4. Nf3 Nf6 5. d3 a6 6. Be2 Nc6 7. O-O Bg4 8. h3
h5 9. Be3 Bxf3 10. Bxf3 e5 11. Ne4 Nxe4 12. Bxe4 O-O-O 13. Qf3 f6 14. a3 Be7 15.
b4 g5 16. Bc5 Nd4 17. Bxd4 exd4 18. Bxb7+ Kb8 19. Ba8 Qb6 20. b5 a5 21. Bc6 Rdf8
22. Qf5 Qc5 23. Qxc5 Bxc5 24. Rfe1 Bd6 25. Re4 Ka7 26. Rb1 Rd8 27. a4 Kb6 28.
Re6 Rhf8 29. Rb3 h4 30. c3 Bc5 31. cxd4 Bxd4 32. Be4+ Rd6 33. Rxd6+ cxd6 34. Rb1
Rc8 35. Bc6 Rc7 36. Re1 Be5 37. Re2 Kc5 38. Rc2+ 1/2-1/2

[Event "POLFINAL MISTRZOSTW POLSKI JUNIOROW 2017 - D13"]
[Site "Jastrzebia Gora"]
[Date "1899-12-30"]
[Round "9.1"]
[White "Zniszczol, Wiktoria"]
[Black "Sokol, Maria"]
[Result "1-0"]
[WhiteTitle "I"]
[BlackTitle "I"]
[WhiteElo "1438"]
[BlackElo "1237"]

1. e4 e5 2. Nf3 Nf6 3. Nc3 Bb4 4. Nxe5 O-O 5. Nc4 Bxc3 6. dxc3 Nxe4 7. Be2 d6 8.
O-O Re8 9. Be3 Nd7 10. Nd2 Ndf6 11. Nxe4 Nxe4 12. Bd4 Qe7 13. Bd3 c5 14. Be3 Nxf2
15. Bxf2 Qg5 16. Qf3 Rb8 17. Bh4 Qe3+ 18. Qxe3 Rxe3 19. Rae1 Rxe1 20. Rxe1 Be6
21. Be7 c4 22. Be4 d5 23. Bf3 b6 24. Rd1 Re8 25. Bh4 h6 26. Bxd5 Bxd5 27. Rxd5
Re2 28. Rb5 Rxc2 29. Bg3 Rd2 30. Rb4 Rd1+ 31. Kf2 Rd2+ 32. Kf3 Rd5 33. Rxc4 b5
34. Rd4 Rf5+ 35. Ke2 Rf6 36. Rd5 a6 37. Rd6 Rf5 38. Rxa6 Rd5 39. a4 bxa4 40. Rxa4
Rb5 41. Rb4 Ra5 42. c4 Rc5 43. b3 Kh7 44. Rb5 Rc6 45. Kd2 g5 46. c5 h5 47. b4
h4 48. Bd6 Rc8 49. Rb8 Rxb8 50. Bxb8 Kg6 51. c6 Kh5 52. c7 f5 53. c8=Q Kg4 54.
h3+ Kh5 55. Qxf5 Kh6 56. Qf6+ Kh5 57. Qg7 g4 58. hxg4# 1-0

[Event "POLFINAL MISTRZOSTW POLSKI JUNIOROW 2017 - D13"]
[Site "Jastrzebia Gora"]
[Date "1899-12-30"]
[Round "9.2"]
[White "Rodzik, Malgorzata"]
[Black "Kudlak, Julia"]
[Result "0-1"]
[WhiteTitle "II"]
[BlackTitle "II+"]
[WhiteElo "1036"]
[BlackElo "1128"]

1. d4 Nf6 2. Nf3 g6 3. Bf4 Bg7 4. e3 O-O 5. Nbd2 d6 6. Bc4 Nbd7 7. h3 c5 8. c3
a6 9. g4 b5 10. Bb3 Bb7 11. Rg1 a5 12. h4 cxd4 13. cxd4 Ne4 14. Nxe4 Bxe4 15.
Ng5 Bb7 16. Nxf7 Rxf7 17. Bxf7+ Kxf7 18. Qb3+ Kf8 19. Qxb5 Ba6 20. Qb3 Nf6 21.
h5 Rb8 22. Qc2 Nd5 23. hxg6 hxg6 24. Qxg6 Qe8 25. Qf5+ Qf7 26. Qxf7+ Kxf7 27.
b3 Nxf4 28. exf4 Bxd4 29. Rc1 Bc5 30. g5 Rb4 31. f5 Re4+ 32. Kd1 Bxf2 33. Rg2
Bc5 34. g6+ Kg7 35. Rh2 Rg4 36. Kc2 Kf6 37. Re1 Kxf5 38. Rxe7 Rxg6 39. Re8 Rg3
40. Rf8+ Ke6 41. Ra8 Bd3+ 42. Kb2 Bd4+ 43. Ka3 Bc5+ 44. Ka4 Rg4+ 45. Kxa5 Be4
46. Rh6+ Kd7 47. Rf8 Bd3 48. Rf7+ Kc6 49. Rh1 Bb6# 0-1

[Event "POLFINAL MISTRZOSTW POLSKI JUNIOROW 2017 - D13"]
[Site "Jastrzebia Gora"]
[Date "1899-12-30"]
[Round "9.3"]
[White "Kaznowska, Weronika"]
[Black "Libura, Julianna"]
[Result "0-1"]
[WhiteTitle "I"]
[BlackTitle "I"]
[WhiteElo "1132"]
[BlackElo "1429"]

1. d4 d5 2. c4 e6 3. Nc3 Nf6 4. Bf4 Bd6 5. Bg3 O-O 6. e3 a6 7. Nf3 Re8 8. Qc2 c5
9. cxd5 exd5 10. dxc5 Bxc5 11. Be2 Nc6 12. Rd1 Bb4 13. O-O Bxc3 14. Qxc3 Ne4 15.
Qb3 Nxg3 16. hxg3 Qe7 17. Qxd5 Be6 18. Qd6 Bxa2 19. Qxe7 Rxe7 20. Rd2 Bb3 21.
Bd1 Bc4 22. Be2 Bxe2 23. Rxe2 Rd8 24. Rd2 Red7 25. Rfd1 Rxd2 26. Rxd2 Rxd2 27.
Nxd2 Kf8 28. Kf1 Ke7 29. Ke2 Ke6 30. Ne4 Ke7 31. Nc5 Nd8 32. Kd3 Kd6 33. Ne4+
Kc6 34. Kc4 f6 35. f3 Ne6 36. g4 a5 37. Ng3 b5+ 38. Kc3 Kd5 39. Ne4 Nd8 40. Nd2
Nc6 41. f4 a4 42. e4+ Kc5 43. Nf3 b4+ 44. Kc2 Nd4+ 45. Kd3 Ne6 46. g3 a3 47. bxa3
bxa3 48. Kc3 Nc7 49. Kb3 Nb5 50. Nh4 g6 51. g5 fxg5 52. fxg5 Kd4 53. Nf5+ Kxe4
54. Nh6 Kf3 55. Ka2 Kxg3 56. Kb3 Kf4 57. Nf7 Nd4+ 58. Kxa3 Ne6 59. Kb3 Nxg5 60.
Nxg5 Kxg5 61. Kc3 Kf4 62. Kd2 Kf3 63. Ke1 Kg2 64. Ke2 h5 65. Ke3 h4 66. Kf4 h3
67. Kg5 h2 68. Kxg6 h1=Q 69. Kf5 Qe1 70. Kf6 Qe4 71. Kg7 Qe6 72. Kh8 Qe7 73. Kg8
Kg3 74. Kh8 Kg4 75. Kg8 Kg5 76. Kh8 Kg6 77. Kg8 Qe8# 0-1

[Event "POLFINAL MISTRZOSTW POLSKI JUNIOROW 2017 - D13"]
[Site "Jastrzebia Gora"]
[Date "1899-12-30"]
[Round "9.4"]
[White "Kieca, Aleksandra"]
[Black "Cieslak, Jessica"]
[Result "0-1"]
[WhiteTitle "I"]
[BlackTitle "I"]
[WhiteElo "1231"]
[BlackElo "1253"]

1. d4 d5 2. Nf3 Bf5 3. e3 e6 4. Bd3 Bxd3 5. Qxd3 Nf6 6. O-O Bd6 7. Nbd2 O-O 8.
e4 dxe4 9. Nxe4 Nxe4 10. Qxe4 c6 11. Ng5 g6 12. Re1 Qf6 13. Nf3 Qf5 14. Qe3 Qxc2
15. Qh6 Nd7 16. Bd2 Qf5 17. Ng5 Nf6 18. Re3 Bf4 19. Rf3 Qxg5 20. Bxf4 Qh5 21.
Re1 Rfd8 22. Qg5 Kg7 23. Qh6+ Qxh6 24. Bxh6+ Kxh6 25. Rxf6 Kg7 26. Rf4 Rd5 27.
Re3 Rad8 28. Ref3 R8d7 29. g4 Rxd4 30. Rxd4 Rxd4 31. h3 b5 32. Rc3 Rc4 33. Ra3
Ra4 34. Rxa4 bxa4 35. Kf1 Kf6 36. Ke2 Ke5 37. Ke3 g5 38. Kd3 Kf4 39. Ke2 c5 40.
Kd3 Kf3 41. Kc4 Kxf2 42. Kxc5 Kg3 43. Kb4 Kxh3 44. Kxa4 Kxg4 45. Ka5 h5 46. Ka6
h4 47. b4 h3 48. b5 h2 49. Kxa7 h1=Q 50. b6 Qa1 0-1

[Event "POLFINAL MISTRZOSTW POLSKI JUNIOROW 2017 - D13"]
[Site "Jastrzebia Gora"]
[Date "1899-12-30"]
[Round "9.5"]
[White "Anyz, Monika"]
[Black "Szewc, Dobromila"]
[Result "1/2-1/2"]
[WhiteTitle "I+"]
[BlackTitle "I"]
[WhiteElo "1366"]
[BlackElo "1257"]

1. e4 e5 2. Nf3 Nc6 3. d4 exd4 4. Nxd4 Bc5 5. Be3 Qf6 6. c3 Nge7 7. Bc4 O-O 8.
O-O b6 9. Re1 Bb7 10. f3 Rad8 11. Nxc6 Qxc6 12. Bb3 Bxe3+ 13. Rxe3 d5 14. Rd3
Qc5+ 15. Kh1 Rd6 16. exd5 Bxd5 17. Nd2 Rfd8 18. Qe2 Bxb3 19. Nxb3 Qg5 20. Re3
Kf8 21. Re1 R8d7 22. f4 Qf6 23. Qf3 c6 24. Nd4 g6 25. Qh3 h5 26. Qf3 Kg7 27. h3
c5 28. Nb3 Nf5 29. R3e2 Rd3 30. Qf2 Ng3+ 31. Kh2 Nxe2 32. Rxe2 Re7 33. Rc2 Qe6
34. Nc1 Rd5 35. Nb3 Qe3 36. Qf1 Rf5 37. g3 g5 38. Rf2 gxf4 39. gxf4 Re4 40. Qg2+
Kh6 41. Rf3 Qe2 42. Rf2 Qe1 43. Rf1 Qe2 44. Rf2 Qd3 45. Qg8 1/2-1/2